| 000 | 00909cam a22001935i 4500 | ||
|---|---|---|---|
| 005 | 20180228121125.0 | ||
| 010 | _a1617EN B-663881 | ||
| 020 |
_a9788123020204 _c2300.00 |
||
| 035 | _aB-647724-727 | ||
| 035 | _aB-663881 | ||
| 037 |
_bBookwell _adpl |
||
| 082 | _a327.54 | ||
| 100 | 1 | _aMathew, Thomas, | |
| 245 | 1 | 0 |
_aAbode under the dome : _bstate guests at Raisina Hill: 1947-67 and their subsequent visits / _cThomas Mathew. |
| 300 |
_axlix, 328 pages : _billustrations (black and white, and color), maps (color) ; _c30 cm |
||
| 942 |
_2ddc _cEN _h327.54 _mMAT |
||
| 999 |
_c102357 _d102357 |
||